Losowa 5-literowa geografia - Statystyki

Ogólne statystyki
  • Ten quiz został rozwiązany 292 razy
  • Średni wynik to 6 z 12
Statystyki odpowiedzi
Wskazówka Odpowiedź % Poprawnych
Stolica Szwajcarii Berno
100%
Kraj zwany Latvia po angielsku Łotwa
100%
Największe miasto we Francji. Paryż
100%
Największy kraj Rosja
100%
Największe miasto w Bułgarii. Sofia
100%
Stolica Liechtensteinu Vaduz
100%
Największe miasto na Litwie. Wilno
100%
największe miasto w Czechach Praga
93%
Największe miasto w Japonii. Tokio
93%
Kraj piramid i faraonów. Egipt
92%
Stolica Maroka. Rabat
92%
Rzeka przepływająca przez Warszawę. Wisła
92%
największe miasto w Grecji Ateny
90%
Największe miasto na Białorusi. Mińsk
89%
Polska po niemiecku Polen
88%
Kraj Rygi Łotwa
86%
Największy kraj całkowicie w Azji. Chiny
83%
Druga najdłuższa rzeka w Afryce Kongo
83%
Kraj o nazwie Lithuania po angielsku Litwa
83%
Najmniejszy z krajów nordyckich Dania
82%
Rzeka przepływająca przez 4 stolice. Dunaj
82%
Największe miasto Ukrainy Kijów
82%
Drugie co do wielkości miasto w Portugalii. Porto
82%
Kraj, który rozciąga się na ponad 4300 km, ale w najszerszym miejscu ma zaledwie 350 km. Chile
80%
Druga najdłuższa rzeka w Afryce. Kongo
80%
Kraj, którego stolicą jest Chartum. Sudan
80%
Kraj sąsiadujący z Turcją, Libanem i Irakiem Syria
80%
Najdłuższa rzeka w Europie. Wołga
78%
Największe miasto w Indiach. Delhi
75%
Sąsiad Indii i Chin. Nepal
75%
Drugie co do wielkości miasto w województwie kujawsko-pomorskim Toruń
75%
Kraj sąsiadujący z Omanem i Arabią Saudyjską Jemen
73%
Wzgórze z twierdzą na Starym Mieście w Krakowie. Wawel
73%
Kraj Mombasa i Nairobi. Kenia
71%
Największa grecka wyspa. Kreta
71%
Największe miasto na Półwyspie Arabskim. Rijad
71%
Jeden z „krajów” zjednoczonego królestwa. Walia
69%
Stolica Jordanii. Amman
67%
Kraj, którego stolicą jest Doha. Katar
67%
Największy z krajów bałtyckich Litwa
67%
Miasto, w którym rozpoczął się koronawirus (2020). Wuhan
67%
Stolica Afganistanu Kabul
63%
Duże miasto w USA. stan Floryda Miami
63%
Kraj o największej liczbie Hindusów. Indie
60%
Stolice Boliwii. La Paz / Sucre
60%
Krajem, którego stolicą jest Trypolis. Libia
60%
Najbardziej wschodni stan USA Maine
60%
Stolica Bangladeszu. Dhaka
58%
Kraj, którego stolicą jest Libreville. Gabon
57%
3. najdłuższa rzeka w Afryce. Niger
56%
Rzeka przepływająca przez Rzym Tyber
56%
Kraj, którego stolicą jest Niamey. Niger
54%
Pasmo górskie w Afryce Północnej. Atlas
50%
Stolica Senegalu. Dakar
50%
Dawna stolica Japonii i siedziba cesarza Kioto
50%
Drugie co do wielkości miasto w Japonii. Osaka
50%
Stolica Australii Zachodniej. Perth
50%
Finlandia po fińsku. Suomi
50%
Włoskie miasto, które było gospodarzem Igrzysk Olimpijskich w 2006 roku. Turyn
50%
Norwegia po norwesku. Norge
46%
Trzecie co do wielkości miasto w Szwecji Malmö
44%
Naród wyspiarski na Morzu Śródziemnym. Malta
44%
Trzecie co do wielkości miasto w Japonii. Osaka
44%
Stolica amerykańskiego stanu Idaho Boise
43%
największe miasto zaczynające się na literę E w Niemczech Essen
43%
Drugie co do wielkości miasto w Nigerii. Lagos
43%
Stolica Wietnamu. Hanoi
42%
Jak Poznań nazywa się po niemiecku. Posen
42%
Jego stolicą i największym miastem jest Nukuʻalofa Tonga
42%
Najdłuższa rzeka Francji. Loara
40%
Kraj został aneksowany przez Chiny w 1952 roku. Tybet
40%
Kraj, którego stolicą jest Bejrut. Liban
38%
Oceaniczny kraj z żółto-niebieską flagą Palau
38%
Jego stolicą i największym miastem jest Apia Samoa
38%
Wyspa na Morzu Bałtyckim na granicy Polski i Niemiec. Uznam
38%
Kraj Porto-Novo i Kotonu Benin
36%
Francuskie miasto słynące z musztardy Dijon
36%
Kraj Akry Ghana
36%
Stolica Ekwadoru. Quito
36%
Miasto zwane po niemiecku Lüben. Lubin
33%
Największa wyspa archipelagu Filipin Luzon
31%
Niemieckie miasto w pobliżu Morza Północneg, było kiedyś Wolnym Miastem Hanzeatyckim Brema
30%
Stolice Sudan Południowy Dżuba
30%
Stolica Tatarstanu. Kazań
29%
stolica i największe miasto Balearów oraz wyspy Majorka Palma
29%
Stolica Wysp Zielonego Przylądka Praia
29%
Rzeka, która „stworzyła” starożytne cywilizacje Harappa i Mohendżo Daro. Indus
27%
Stolica Nauru Yaren
27%
Jedno z wielkich jezior Ameryki Północnej. Huron
25%
Stolicą jest Yaren Nauru
25%
Najbardziej wysunięty na wschód stan USA. Maine
23%
Miasto we Francji, w regionie Prowansja-Alpy-Lazurowe Wybrzeże, piąte co do wielkości miasto we Francji. Nicea
21%
Trzecia najdłuższa rzeka w Afryce Niger
21%
Miasto w północno-zachodniej części Włoch , stolica i główne miasto regionu Liguria. Genua
20%
Miasto w południowej Finlandii, corocznie odbywają się zawody Pucharu Świata w narciarstwie biegowym, skokach narciarskich, kombinacji norweskiej i biathlonie. Lahti
20%
Trzecim miastem w Teksasie i dziewiątym w całym kraju Dallas
18%
Najdłuższa rzeka na Alasce Jukon
18%
Miasto „Zakazanego miasta” Pekin
18%
Stolica znana niegdyś jako Kartagina. Tunis
18%
Największe miasto północnego Izraela i trzecie co do wielkości miasto w kraju. Hajfa
17%
Kraj związkowy w zachodniej Austrii (Stolicą jest miasto Innsbruck) Tyrol
17%
Stolicą historycznego regionu Friuli, Włoszech Udine
17%
Wyspa znana wcześniej jako Hispaniola. Haiti
14%
Była stolica Finlandii Turku
14%
Miasto w północnej Francji i stolica regionu Hauts-de-France. Lille
13%
3 największe miasto w Iraku. Mosul
13%
Miasto, w którym odbył się wyścig Formuły 1 w latach 1980–2006. Ayrton Senna zmarł tutaj podczas wyścigu w 1994 r. Imola
11%
Miasto w północnej Anglii , w hrabstwie West Yorkshire. Leeds
11%
Stolica Republiki Środkowoafrykańskiej Bangi
9%
Stan w USA graniczy z Waszyngtonem, Oregonem, Nevadą Utah, Wyoming, Montaną i Kanadą. Idaho
9%
Miasto ze sztuczną „Wyspy Palmowe”. Dubaj
8%
Stolica Imperium Inków Cuzco
0%
Rzeka w Hiszpanii i Portugalii o długości 895 km Duero
0%
Największe miasto w Finlandii. Espoo
0%
Kraj oceaniczny, w którym hindi jest językiem urzędowym Fidżi
0%
Największe miasto hiszpańskiej wspólnoty autonomicznej Asturia. Gijón
0%
Powiat-miasto w Polsce na Pojezierzu Dobrzyńskim i nad Wisłą Płock
0%
Największy ośrodek miejski w widłach Wisły i Pilicy. Radom
0%
Rzeka, która płynie przez Francję i Szwajcarię do Jeziora Genewskiego i do Morza Śródziemnego. Rodan
0%
Stolica Dalmacji. Split
0%
Drugie co do wielkości miasto Estonii Tartu
0%
Miasto nad rzeką Loarą w krainie historyczno-geograficznej Turenia Tours
0%
Portowe miasto, stolica regionu Syddanmark Vejle
0%
Potomek Imperium Hunnickiego Węgry
0%
Nie znaleziono quizów pasujących do podanych kryteriów
Rozkład punktacji
Procent ludzi z każdym wynikiem
Percentyl według liczby udzielonych odpowiedzi
Twoja historia wyników
Nie rozwiązałeś tego quizu